000 00872cam a22003013a 4500
001 16415024
003 OSt
005 20140310181649.0
008 930914s1993 nyu j 000 1 eng d
010 _a 98815347
020 _a0671789058 (pbk.)
035 _a(OCoLC)ocm28818492
040 _aGZX
_cGZX
_dOCL
_dDLC
050 0 0 _aPZ 7
_b.G671 1993
082 _aKF
_bG68g 1993
100 1 _aGorman, S. S.
_q(Susan Schaumberg)
_96616
245 1 0 _aGoal maker /
_cS. S. Gorman
260 _aNew York :
_bPocket Books,
_cc1993.
300 _a121 p.
_c19 cm.
490 1 _aThe High-fives
490 0 _aA Minstrel paperback original
541 _j1
562 _e1
650 0 _aSoccer stories.
_96617
710 2 _aCopyright Paperback Collection (Library of Congress)
_5DLC
_9705
906 _a7
_bcbc
_ccopycat
_d2
_encip
_f19
_gy-genrareb
942 _2lcc
_cBK-KF
_kKF
999 _c965
_d965